Statistiques concernant Composition fc barcelone finale ligue des champions 2015

Cliquez ici pour prendre le quiz!

Statistiques générales

  • Ce quiz a été pris 2 259 fois
  • Le résultat moyen est 11 sur 12

Statistiques - réponses

NuméroJoueur% Correct
10Messi
100%
11Neymar
99%
9Suárez
99%
8 (cap)Iniesta
98%
3Piqué
97%
1Ter Stegen
97%
5Busquets
92%
18Alba
89%
22Dani Alves
89%
4Rakitić
86%
14Mascherano
79%
EntraîneurEnrique
75%

Distribution des résultats

Percentile par nombre de réponses

% des personnes avec chaque résultat

Votre développement - résultats

Vous n’avez pas pris ce quiz